| 000 | 01070cam a2200325 4500 | ||
|---|---|---|---|
| 001 | 0000004274 | ||
| 005 | 20170406115710.0 | ||
| 008 | 731220s1974 nyu b 000 0aeng | ||
| 010 | _a 73020570 | ||
| 020 | _a0394486927 | ||
| 035 | _9(DLC) 73020570 | ||
| 040 |
_aDLC _cDLC _dDLC |
||
| 043 | _an-us--- | ||
| 050 | 0 | 0 |
_aPS3551.N464 _bZ464 1974 |
| 082 | 0 | 0 |
_a917.3/06/96073 _aB |
| 100 | 1 | _aAngelou, Maya. | |
| 245 | 1 | 0 | _aGather together in my name. |
| 250 | _a[1st ed.] | ||
| 260 |
_aNew York : _bRandom House, _c[1974] |
||
| 300 |
_a214 p. ; _c21 cm. |
||
| 350 | _a$5.95 | ||
| 500 | _aAutobiography. | ||
| 600 | 1 | 0 | _aAngelou, Maya. |
| 650 | 0 |
_aAuthors, American _y20th century _vBiography. |
|
| 650 | 0 |
_aEntertainers _zUnited States _vBiography. |
|
| 650 | 0 |
_aAfrican American authors _vBiography. |
|
| 856 | 4 | 2 |
_3Publisher description _uhttp://www.loc.gov/catdir/description/random0411/73020570.html |
| 856 | 4 | 2 |
_3Contributor biographical information _uhttp://www.loc.gov/catdir/enhancements/fy0703/73020570-b.html |
| 908 | _a140903 | ||
| 999 |
_c4107 _d4107 |
||